[Event "RUS-Cup3"]
[Site "Omsk"]
[Date "1996.??.??"]
[Round "3"]
[White "Kozirev, Alexander"]
[Black "Filippov, Valerij"]
[Result "0-1"]
[WhiteElo "2370"]
[BlackElo "2565"]
[Annotator "Horvath,Ta"]
[PlyCount "84"]
[EventDate "1996.12.13"]
[EventType "swiss"]
[EventRounds "9"]
[EventCountry "RUS"]
[SourceTitle "CBM 057"]
[Source "ChessBase"]
[SourceDate "1997.04.01"]
[SourceVersion "1"]
[SourceVersionDate "1997.04.01"]
[SourceQuality "1"]

1. e4 c5 2. Nf3 e6 3. d4 cxd4 4. Nxd4 Nf6 5. Nc3 Nc6 6. Ndb5 d6 7. Bf4 e5 8.
Bg5 a6 9. Na3 b5 10. Nd5 Be7 11. Bxf6 Bxf6 12. c3 O-O 13. Nc2 Bg5 14. a4 bxa4
15. Rxa4 a5 16. Bc4 Rb8 17. b3 Kh8 18. O-O f5 19. exf5 Bxf5 20. Nce3 Bg6 21.
Qe2 $6 {Eine neue Idee. Bekannt ist:} (21. Bd3 Bxd3 22. Qxd3 Bxe3 23. fxe3
Rxf1+ 24. Qxf1 Rxb3 25. Rc4 Rb5 26. e4 Rc5 $10 {Sokolov,A-Gurgenidze/UdSSR/1985
}) (21. Be2 Bxe3 (21... Bf7 22. Bf3 Bxe3 23. fxe3 Ne7 24. Be4 Bxd5 25. Rxf8+
Qxf8 26. Bxd5 Qd8 $10 {Kindermann-Birnboim/München/1987}) (21... e4 $5 22. b4
axb4 23. cxb4 Rb7 $2 {Hübner-Adorjan/Bad Lauterberg/1980} (23... Ne5 $1 $13))
22. Nxe3 (22. fxe3 Rxf1+ 23. Bxf1 Ne7 24. Nxe7 Qxe7 25. Rxa5 Qc7 $10) 22... Bf7
23. Bc4 Bxc4 24. Rxc4 Ne7 $13) 21... e4 $1 22. Qa2 Rb7 23. b4 axb4 24. cxb4 Ne5
25. Ra7 Rxa7 26. Qxa7 Bh5 27. Ra1 Bxe3 28. Nxe3 Qf6 29. Nd5 Qh4 30. Bf1 Ng4 31.
h3 Nxf2 32. Qe3 h6 33. b5 Nd1 34. Qd4 Qg3 35. Rxd1 Bxd1 36. b6 Qe1 37. Ne3 Be2
38. b7 (38. Qxd6 Qf2+ $2 (38... Rxf1+ $1 39. Nxf1 Qxf1+ 40. Kh2 Qf7 $1 $19 (
40... Ba6 $2 41. b7 Bxb7 42. Qb8+ Kh7 43. Qxb7 Qd3 $17)) 39. Kh2 Bxf1 (39...
Rf7 40. Bxe2 Qxe2 (40... Qxe3 41. Bg4 $13) 41. Qe6 Qf2 42. b7 Qf4+ $2 (42...
Rxb7 43. Qe8+ $1 Kh7 44. Qxe4+ $1 $10) 43. g3 Qf2+ 44. Ng2 Rf8 45. Qd6 $18) 40.
Nxf1 Qxf1 41. b7 e3 42. b8=Q Rxb8 43. Qxb8+ Kh7 44. Qe5 Qd3 (44... e2 45. Qe4+
$10) 45. Kg3 $1 $10) 38... Bxf1 39. Nf5 Bxg2+ 40. Kxg2 Qe2+ 41. Kg1 Rxf5 42.
b8=Q+ Kh7 0-1

[Event "Ljubljana"]
[Site "Ljubljana"]
[Date "1997.??.??"]
[Round "10"]
[White "Efimov, Igor"]
[Black "Vukic, Milan"]
[Result "1-0"]
[WhiteElo "2530"]
[BlackElo "2490"]
[Annotator "Horvath,Ta"]
[PlyCount "97"]
[EventDate "1997.05.20"]
[EventType "tourn"]
[EventRounds "11"]
[EventCountry "SLO"]
[EventCategory "9"]
[SourceTitle "CBM 058 Extra"]
[Source "ChessBase"]
[SourceDate "1997.07.29"]
[SourceVersion "1"]
[SourceVersionDate "1997.07.29"]
[SourceQuality "1"]

1. e4 c5 2. Nf3 e6 3. d4 cxd4 4. Nxd4 Nf6 5. Nc3 Nc6 6. Ndb5 d6 7. Bf4 e5 8.
Bg5 a6 9. Na3 b5 10. Bxf6 gxf6 11. Nd5 f5 12. Bd3 Be6 13. O-O Bxd5 14. exd5 Ne7
15. c3 Qd7 16. Qh5 Rg8 17. Rad1 Rg6 18. Qe2 (18. Bb1 Bg7 19. Nc2 (19. f4 Rh6
20. Qe2 e4 {Madl,I-Medvegy,N/CBM/59/1225}) 19... Kf8 (19... f4 $142 20. Nb4 Rh6
21. Qe2 Kf8 $13) 20. Kh1 Kg8 21. Ne3 e4 22. f4 Kh8 23. Qe2 h5 24. Qxh5+ Rh6 25.
Qe2 Rg8 26. Rg1 Ng6 27. Rdf1 b4 28. cxb4 Ne7 29. Rd1 Rb8 30. a3 a5 31. bxa5
Rxb2 32. Qc4 Rh5 33. Rge1 Qa7 34. Bc2 Qxa5 35. Qe2 Rh6 36. Nc4 Qc3 37. Nxb2 Qg3
38. h3 Bxb2 39. Qe3 Qg7 40. Re2 Ng6 41. Bxe4 fxe4 42. f5 Be5 43. fxg6 Qxg6 44.
Rf1 Rh4 45. Rc2 Rh5 46. Rc4 f5 47. Rc7 Bg7 48. Rb1 {1-0 Almasi,Z-Rogozenko,D/
Erevan olm 1996/CBM 55/[Dolmatov]}) 18... Rb8 (18... e4 19. Bb1 Bg7 20. Nc2 $14
) 19. f4 e4 20. Bb1 b4 21. cxb4 Qa7+ 22. Kh1 Rxb4 23. Nc4 Rb5 24. g4 Rf6 25. g5
Rg6 26. h4 Rxd5 27. Bxe4 $1 Re6 (27... fxe4 28. Rxd5 Nxd5 29. Qxe4+ Ne7 30. f5
$18) 28. Bxd5 $1 Rxe2 29. Nxd6+ Kd7 30. Bf3 Nd5 31. Nxf5 Rc2 32. Bxd5 $18 Kc7
33. Nd4 Rxb2 34. Rc1+ Kb6 35. Rc6+ Ka5 36. Rd1 Qe7 37. Nb3+ Rxb3 38. axb3 Qe3
39. Bg2 Bc5 40. Rxc5+ Kb4 41. Rc4+ Kxb3 42. Rcd4 Qe7 43. Rd7 Qe2 44. R1d3+ Kb4
45. R3d4+ Kc3 46. Rd3+ Kc4 47. Kh2 Qg4 48. R7d4+ Kc5 49. f5 1-0

[Event "HUN-chT 9697"]
[Site "Hungary"]
[Date "1996.??.??"]
[Round "1"]
[White "Cao, Sang"]
[Black "Fusthy, Zsolt"]
[Result "1-0"]
[WhiteElo "2445"]
[BlackElo "2325"]
[Annotator "Horvath,Ta"]
[PlyCount "73"]
[EventDate "1996.??.??"]
[EventType "team"]
[EventRounds "12"]
[EventCountry "HUN"]
[SourceTitle "CBM 057"]
[Source "ChessBase"]
[SourceDate "1997.04.01"]
[SourceVersion "1"]
[SourceVersionDate "1997.04.01"]
[SourceQuality "1"]
[WhiteTeam "MTK"]
[BlackTeam "Statisztika"]
[WhiteTeamCountry "HUN"]
[BlackTeamCountry "HUN"]

1. e4 c5 2. Nf3 Nc6 3. d4 cxd4 4. Nxd4 Nf6 5. Nc3 e5 6. Ndb5 d6 7. Bg5 a6 8.
Na3 b5 9. Bxf6 gxf6 10. Nd5 f5 11. Bd3 Be6 12. Qh5 Bg7 13. O-O f4 14. c4 bxc4
15. Nxc4 $5 O-O 16. Rad1 $1 {Die Verbesserung der Variante! Weiß vorbereitet
eine Qualitätsopfer auf "d4", und erhielt schône Angriffsmôglichkeiten.} (16.
g3 $2 Nd4 $1 17. gxf4 (17. Ncb6 Rb8 18. gxf4 f5 $1 $17 {Adorjan-Portisch,F/
Budapest/1977}) 17... Bxd5 18. exd5 f5 $17 {Madl-Horvath,P/Budapest/1995})
16... Nd4 17. Bb1 f5 $6 (17... Bxd5 18. exd5 f5 19. Rxd4 exd4 20. Bxf5 Rf6 21.
Qxh7+ Kf8 22. Be6 Rxe6 23. dxe6 Qf6 24. Nb6 $1 {1:0 Veress-Laszlo,I/Tatabanya/
1997}) (17... h6 $142) 18. Rxd4 exd4 19. exf5 $1 Bf7 20. Qf3 Be5 (20... Kh8 21.
b3 (21. Be4 $1 Ra7 22. Qxf4 $16) 21... Bxd5 22. Qxd5 Ra7 23. Re1 Qg5 24. Nxd6
Rd7 25. Qe6 Qd8 26. Nc4 d3 27. Rd1 Re8 28. Qc6 d2 29. Be4 Rc7 30. Rxd2 Rxc6 {
0:1 Rigo-Mowsziszian/Velden/1995}) 21. Be4 Kh8 22. g3 Ra7 23. Bd3 Qa8 24. Be4
Qd8 25. Qd3 Qg5 26. Nxe5 $1 Bxd5 (26... dxe5 27. Nxf4 $1) 27. Qxd4 dxe5 28.
Qxe5+ Rg7 29. Qxd5 Rd8 30. Qc6 fxg3 31. hxg3 h5 32. Kg2 Rd2 33. Qe8+ Rg8 34.
Qe5+ Kh7 35. Rh1 Rxf2+ 36. Kxf2 Qd2+ 37. Kf3 1-0

[Event "Interpolis-03"]
[Site "Tilburg"]
[Date "1979.11.11"]
[Round "8"]
[White "Huebner, Robert"]
[Black "Sax, Gyula"]
[Result "1/2-1/2"]
[WhiteElo "2595"]
[BlackElo "2590"]
[Annotator "Huebner,R"]
[PlyCount "146"]
[EventDate "1979.11.01"]
[EventType "tourn"]
[EventRounds "11"]
[EventCountry "NED"]
[EventCategory "15"]
[SourceTitle "MCL"]
[Source "ChessBase"]
[SourceDate "1999.07.01"]
[SourceVersion "1"]
[SourceVersionDate "1999.07.01"]
[SourceQuality "1"]

1. e4 c5 2. Nf3 Nc6 3. d4 cxd4 4. Nxd4 Nf6 5. Nc3 e5 6. Ndb5 d6 7. Bg5 a6 8.
Na3 b5 9. Bxf6 gxf6 10. Nd5 f5 11. Bd3 Be6 12. O-O Bxd5 $5 (12... Bg7) 13. exd5
Ne7 14. c4 (14. Nxb5 Bg7 15. Nc3 e4 16. Be2 {/\17... Tb8=/+, 17... Db6=/+}) (
14. Qh5 {Kuzmin} e4 15. Be2 Bg7 (15... Rg8 $5 16. f3 $5 Nxd5 17. fxe4 Ne3 18.
Rf2 Qb6 19. g3 Rc8 20. c3 d5 $1 21. exd5 Bxa3 22. bxa3 Qf6 23. Re1 Qxc3 24.
Bxb5+ $1 $13 {Kozlov-Jurtaev/USSR/1983}) 16. c3 O-O (16... b4 $6 17. cxb4 Bxb2
18. Rab1 $1 Bxa3 19. Rb3 $36) (16... Qd7 17. Rad1 O-O 18. f4 Rac8 $10 {
Chiburdanidze-Staniszewski/Polanica Zdroj/1984}) 17. Nc2 f4 18. Qg5 f5 $1 (
18... Ng6 19. Qxd8 Rfxd8 20. a4 $14) 19. Qxf4 Nxd5 $13) 14... Bg7 15. Qd2 (15.
cxb5 e4 16. Be2 Bxb2 17. Nc4 Bxa1 18. Qxa1 O-O $17) 15... e4 (15... bxc4 $5 16.
Nxc4 O-O 17. f4 $6 (17. Rad1 Rb8 18. b3 e4 (18... Rb5 19. Ne3 f4 $8 20. Nf5 $1
Nxf5 21. Bxf5 $16 {^-}) (18... Nxd5 $2 19. Bxf5 Ne7 20. Nxd6 $18) 19. Be2 Rb5
20. Ne3 f4 21. Ng4 Rxd5 (21... f5 22. Bxb5 fxg4 23. Bxa6 Qe8 24. Rfe1 Qg6 25.
Bf1 $18) 22. Qxf4 f5 23. Rxd5 Nxd5 24. Bc4 fxg4 25. Qxe4 $18 {_|_}) 17... e4
18. Be2 Rb8 {/\Rb5 ><d5} 19. Rab1 Rb5 20. Ne3 $8 Qb6 $1 $17 21. Kh1 (21. Bxb5
Bd4 $1 22. Rfe1 $8 Nxd5 23. Kh1 $8 Nxe3 24. Be2 d5 {/\Lc5/Lg7,d4-d3-+}) 21...
Rxb2 22. Rxb2 Qxb2 23. Qxb2 Bxb2 24. Rd1 Ba3 25. Bxa6 Bc5 {-/+/
-+Stefansson-Krasenko/Gausdal/1991}) 16. Be2 bxc4 (16... b4 $2 17. Qxb4 Rb8 18.
Qa4+ Qd7 19. Qxa6 Rxb2 (19... Bxb2 20. Rab1 {/\Sb5+-}) 20. Rab1 Rxe2 21. Rb8+
Nc8 22. c5 Rxa2 23. Rxc8+ Ke7 24. cxd6+ Kf6 25. Rc7 $18) (16... O-O 17. cxb5
axb5 18. Nxb5 {/\19.a4+/-}) 17. Nxc4 O-O 18. Rac1 (18. Rad1 Rb8 (18... Ng6 $6 {
N} 19. f4 $14 {Bryson-Antonov/corr 14.world-ch/1991}) 19. Qf4 $1 Rb5 (19...
Bxb2 $6 20. f3 $1 e3 21. Qxe3 Ng6 22. f4 Rc8 23. Qd2 $16 {Minasian-Krasenkov/
Baku/1979}) (19... Bxb2) 20. Rd2 $1 (20. Ne3 Rxb2 21. Bc4 Qd7 (21... Be5 $1 22.
Qg5+ Kh8 $17 {Novik-Kramnik/USSR/1990}) 22. Bb3 $14) 20... Rxd5 21. Rxd5 Nxd5
22. Qxd6 (22. Qxf5 $6 Nf6 {/\ d5=/+}) 22... Qa8 $5 23. Rd1 Rd8 24. Qg3 $10 {
Kramnik}) 18... Rb8 19. b4 {/\Sa5} (19. a4 Rb3) 19... Rb5 20. Ne3 f4 $1 (20...
Rb8 21. Rc4 (21. f4 Qb6 22. Rc4 Nxd5) 21... Qd7 (21... f4 22. Nc2 $16) 22. Rfc1
$16) 21. Bxb5 fxe3 22. Qxe3 axb5 23. Qxe4 Ng6 $13 24. f4 (24. Rfe1 Ne5 25. f4
Qb6+ 26. Qe3 Qxe3+ (26... Nf3+ $2 27. Kh1) 27. Rxe3 Nc4 28. Re7 Ra8 $17) (24.
Rc6 Ne5 (24... Re8 25. Rxd6 Qb8 26. Rb6 Qd8 $10) 25. Ra6 Re8 {/\26... Sc4=/+})
(24. Qd3 Qb8 (24... Qg5 $5) 25. Qb3 (25. f4 Qa7+ 26. Kh1 Qxa2 27. Qxb5 Nh4)
25... Ne5 26. a4 bxa4 27. Qxa4 Qb7 $15) 24... Re8 25. Qd3 Qe7 $5 (25... Qb6+
26. Kh1 Re3 27. Qd2 Qd4 28. Rc8+ Nf8 29. Qxd4 Bxd4 30. Rd8 $16) (25... Qd7 26.
Rc6) 26. Qxb5 (26. Kh1 Qe2 (26... Qe4 $2 27. Qxb5 Ra8 28. Qc4 Qxc4 29. Rxc4
Rxa2 30. Rb1 $16) 27. Qxe2 Rxe2 28. f5 Nf8 29. f6 Bh6 30. Rc6 Bf4 $13) 26...
Nxf4 27. Kh1 Bh6 $2 (27... Nxg2 28. Kxg2 Qe4+ 29. Rf3 Qg4+ 30. Rg3 Qe4+ 31. Rf3
(31. Kg1 $2 Kf8 $17) 31... Qg4+ $10) (27... Qe4 $4 28. Rxf4) (27... Qe3) 28.
Rc3 Qe2 29. Qxe2 Rxe2 30. Rc6 (30. a4 Nxd5 $13) 30... Rxa2 (30... Bf8 31. a4
Nxd5 32. b5 Ra2 (32... Rb2 33. Ra1 {/\a5}) 33. b6 Rxa4 34. Rb1 $16) (30... Nxd5
31. Rxd6 Ne3 32. Rb1) 31. Rxd6 Bf8 32. Rd8 Rd2 33. h3 (33. g3 Rxd5 (33... Nxd5
34. b5 $18) (33... Ne6 34. Rd7 Nd4 35. Rfxf7 $18) 34. Rxf8+ Kxf8 35. gxf4 (35.
Rxf4 Rd2 $10) 35... Rd4 36. Rb1 Rxf4 37. b5 Ra4 38. b6 Ra8 39. Kg2 Ke7 $10)
33... Ne6 (33... Nxd5 34. Rf5 Rd1+ 35. Kh2 Ne3 36. Rg5+ Kh8 37. Rxf8#) (33...
Rxd5 34. Rxf8+ Kxf8 35. Rxf4 $16) 34. Rd7 Nd4 (34... Ng5 $2 35. Rf4 $18) 35.
Rdxf7 $6 (35. Rfxf7 $5 Ne2 $5 (35... Bd6 36. Rf1 Bxb4 37. Rb1 Bf8 38. Rb8) (
35... Rd1+ 36. Kh2 Bd6+ 37. g3 Rd2+ 38. Kh1 $18) (35... Bxb4 36. Rg7+ Kf8 37.
Rxh7 Kg8 38. Rhg7+ Kh8 39. Rgf7 Kg8 40. Rf4 $18) (35... h5 36. Rh7 Ne2 37. Kh2
Nf4) 36. Rxh7 (36. Rf2 Bxb4 37. Kh2 Bc5) 36... Rd1+ 37. Kh2 Bd6+ 38. Rxd6 (38.
g3 Bxg3+ 39. Kg2 Bd6) 38... Kxh7 39. b5) 35... Bxb4 36. Rb7 Bd6 37. Ra1 Rf2 $8
38. Ra8+ Rf8 39. Rxf8+ Bxf8 40. Kg1 $2 (40. g4 Ne2 41. Rd7 Ng3+ 42. Kg2 Ne4 43.
Kf3 Nf6 44. Rd8 Kf7 45. d6 Bh6 (45... h6 46. Kf4 {/\47.Kf5+-}) 46. h4 Bd2 47.
g5 Nd5 48. Ke4 Ke6 49. Re8+ Kd7 50. Rh8 $18) 40... Ne2+ 41. Kf2 Nc3 42. Rd7
Ne4+ (42... Na4 43. Kf3 Nb6 44. Rd8 Kf7 45. Ke4 (45. d6 Bg7 46. d7 Bf6 47. Rh8
Nxd7 48. Rxh7+ Bg7 $14) 45... Ke7 46. Rc8 Nd7 47. Rc7 Bg7 48. Rc6 Nf6+ 49. Ke5
$16) 43. Ke3 Nf6 44. Rd8 Kf7 45. Kd4 (45. d6 Bh6+ 46. Kd4 Bf4 47. Kc5 (47. d7
Ke7 48. Rf8 Be5+ $1) 47... Ne4+ 48. Kc6 Nxd6 49. Rxd6 Bxd6 50. Kxd6 Kf6 $10 51.
Kd7 Kf7 52. h4 (52. g3 h6 53. Kd6 Kf6 54. Kd5 Kf5 55. Kd4 Kf6 56. Ke4 Ke6 57.
Kf4 Kf6 58. Kg4 Kg6 59. Kh4 h5) 52... Kf6 $1 (52... Kg6 53. Ke6 Kh5 54. g3 Kg4
55. Kf6 Kxg3 56. h5 Kf4 57. h6 $18) 53. Ke8 (53. g4 Kf7) 53... Kf5 54. g3 Kg4
55. Kf7 Kxg3 56. h5 Kg4 57. h6 Kf5 58. Kg7 Ke6 59. Kxh7 Kf7 $10) 45... Be7 46.
Rb8 $6 (46. Ra8 $5) 46... Bd6 47. Rb7+ Kg6 (47... Ke8 $2 48. g4 $16) 48. Kc4 $2
(48. g4 h5 49. gxh5+ Kxh5 50. Rb6 Ne8 51. Rb3 $16) 48... h5 $10 49. Kb5 Bg3 50.
Kc6 Ne4 51. Rb3 Be5 $6 (51... h4 $10) 52. Re3 Kf5 53. Rf3+ Kg5 54. Kd7 Bf4 55.
Ke6 $6 (55. h4+ $5) 55... h4 56. Ra3 Nc5+ 57. Ke7 Ne4 58. Ra5 Bc7 59. Ra7 (59.
Rb5 Kg6 $10) 59... Bg3 60. Ra5 Kg6 61. Rb5 Nc3 62. Rc5 Ne4 63. Ra5 Bd6+ 64. Ke6
Bg3 65. Ra1 Nc5+ 66. Ke7 Ne4 67. Rf1 (67. Ra6+ Kf5 68. d6 Nxd6 69. Rxd6 Bxd6+
70. Kxd6 Kf6) 67... Bd6+ 68. Kd7 Bg3 69. Kc6 Kg5 70. Rf8 Kg6 71. Kb5 (71. Re8
Kf5) 71... Kg5 72. Kc4 Nd6+ 73. Kd4 Nf5+ 1/2-1/2

[Event "Madrid Magistral 6th"]
[Site "Madrid"]
[Date "1997.05.23"]
[Round "3"]
[White "Short, Nigel D"]
[Black "Illescas Cordoba, Miguel"]
[Result "1/2-1/2"]
[WhiteElo "2690"]
[BlackElo "2635"]
[Annotator "Illescas Cordoba,M"]
[PlyCount "128"]
[EventDate "1997.06.??"]
[EventType "tourn"]
[EventRounds "9"]
[EventCountry "ESP"]
[EventCategory "17"]
[SourceTitle "CBM 059"]
[Source "ChessBase"]
[SourceDate "1997.08.01"]
[SourceVersion "1"]
[SourceVersionDate "1997.08.01"]
[SourceQuality "1"]

1. e4 {Horvath,T Cifuentes} c5 2. Nc3 Nc6 3. Nge2 Nf6 4. d4 cxd4 5. Nxd4 e5 6.
Ndb5 d6 7. Bg5 a6 8. Na3 b5 9. Bxf6 gxf6 10. Nd5 Bg7 11. Bd3 Ne7 12. Nxe7 Qxe7
13. O-O O-O $1 (13... f5 $2 {Horvath,T} 14. exf5 $1 Bb7 15. Re1 Qg5 {
Anand-Lobron/Dortmund/1996} 16. Be4 $1 d5 17. Bxd5 Rd8 18. c4 O-O 19. Qb3 $16)
14. c3 f5 15. Nc2 Rb8 (15... fxe4 $6 {Cifuentes} 16. Bxe4 Rb8 17. Nb4 $16) (
15... d5 {Cifuentes} 16. exf5 e4 17. Be2 $16) (15... f4 {Cifuentes} 16. a4 bxa4
17. Rxa4 $14) 16. exf5 ({After} 16. Qh5 {Cifuentes Black has not real problems
after} fxe4 {for example:} 17. Bxe4 f5 18. Bd5+ Be6 19. Rad1 Qf7 20. Bxe6 Qxe6
21. Ne3 Rbc8 22. Rd2 f4 23. Nd5 Kh8 24. f3 Rc5 25. Rfd1 e4 $11 {Fernandez
Aguado-Ochoa de Echaguen,Spain (ch) 1989.}) 16... e4 17. Re1 Bxf5 18. Nd4 $5 (
18. Ne3 Bg6 19. Nd5 $11 (19. Nd5 {Cifuentes and now} Qe5 $1 {is the correct
move} (19... Qe8 $6 20. Bxe4 $1 Bxe4 21. f3 f5 22. fxe4 fxe4 23. Nc7 Qe7 24.
Qd5+ Rf7 25. Ne6 Be5 26. Rf1 $1 $16 {Morovic Fernández-Illescas Córdoba,
Ponferras open 1992}) 20. Bc2 Kh8 21. Qd2 f5 22. f4 Qe8 23. Bb3 Qd7 24. Qf2 a5
{with counterplay according to the game Martin,A-Ochoa de Echaguen, (tch) 1993.
})) 18... Bxd4 $8 ({Inferior is} 18... Bg6 {Cifuentes due to} 19. Bxe4 $1 Bxe4
20. f3 d5 (20... f5 21. fxe4 fxe4 22. Nc6 $18) 21. fxe4 dxe4 22. Qg4 $1 Qc5 23.
Kh1 Rb6 24. Nf5 $18) 19. cxd4 d5 $5 ({Also interesting was} 19... Kh8 {
Cifuentes (against the threat 20.Bxe4 Bxe4 21.Qg4)} 20. Qd2 Bg6 21. Bf1 f5 22.
Rac1 f4 23. Rc6 e3 $1 24. fxe3 f3 $1 25. gxf3 Rxf3 26. d5 Be4 27. Qc3+ Rf6 28.
Rc8+ Rxc8 29. Qxc8+ Kg7 30. Re2 {and in Sion Castro,M-Ochoa de Echaguen,
Spanish team championship 1994 White escaped with a draw.}) 20. Qd2 Rb6 21.
Rac1 $5 $146 {The opening is over now, and White has achieved nothing.} (21.
Qf4) (21. Qf4 $6 {Cifuentes} Bg6 22. Be2 Rc8 $1 (22... Qb4 $2 23. h4 f6 24. h5
Bf7 25. Qg3+ Kh8 26. h6 Rg8 27. Qc7 $1 Qxd4 28. Rad1 $1 $18 {Magem-San Segundo,
Madrid 1994}) 23. Rac1 Rbc6 $11) (21. Qf4 $6 {Horvath,T Magem Badals-San
Segundo/CBM/41}) 21... Rg6 $1 22. Bf1 Qh4 23. Re3 $1 (23. Rc3 Rc8 $11) 23...
Qg5 $1 (23... Rc8 $14) 24. g3 $2 (24. Rc5 Bh3 25. Qc3 Bxg2 26. Rg3 {and now}
Bf3 $1 27. Rxg5 Rxg5+ 28. Bg2 Rxg2+ (28... Bxg2 $2 {Cifuentes} 29. h4 $1) 29.
Kf1 Rxh2 30. Ke1 Rh5 $1 $15 {Ph}) (24. Qe1 $1 $13) 24... h5 $1 $40 25. Rc5 Be6
26. Re2 (26. Qc3 f5 $1 (26... h4 $2 {Cifuentes} 27. Rxe4 $1) 27. f4 Qxf4) 26...
Qf6 $1 (26... Qxd2 27. Rxd2 h4 $11) 27. Rc6 Rc8 $1 28. Rxc8+ (28. Rxa6 Rc4 $15
{and now is impossible} 29. Rxe4 $140 $2 dxe4 30. Bxc4 bxc4 31. d5 Qd8 $19)
28... Bxc8 29. Qe3 $1 h4 30. Rc2 Bg4 $1 $17 31. Rc5 Qf5 32. Bg2 Bf3 33. a3 {
This move is necessary for to give freedom to the White rook in the third rank,
avoiding annoing move like b4 for black.} (33. Rc3 b4) 33... Rf6 (33... Kg7 $2
34. Bxf3 exf3 35. Qe5+ $13) 34. Rc3 Kg7 35. Bxf3 (35. b4 Bxg2 36. Kxg2 hxg3 37.
hxg3 Rh6 $19) 35... exf3 36. Qd3 Re6 $1 {[#]} 37. Qd1 Rf6 (37... Re2 $1 38. b4
(38. Re3 Rxe3 (38... Rxb2 39. Rxf3 Rb1 40. Rxf5 Rxd1+ 41. Kg2 Rxd4 $17) 39.
fxe3 f2+ 40. Kg2 (40. Kf1 Qh3+ $19) 40... h3+ 41. Kf1 Qe4 42. Kxf2 Qg2+ $19)
38... Qe4 $17) (37... hxg3 38. Rxf3 $8 gxh2+ 39. Kxh2 Qh5+ 40. Kg2 Rg6+ 41. Kf1
Rg4 $15) 38. Qd3 $8 (38. Re3 hxg3 39. hxg3 Rh6 $19) 38... Qg4 $2 {Missing a
winning chance. Much better was} (38... Re6 39. Qd1 {and now} Re2 $19 (39...
Re2 $1 {Cifuentes} 40. Re3 Rxe3 $1 41. fxe3 f2+ 42. Kg2 (42. Kf1 Qh3+ 43. Kxf2
Qxh2+ 44. Ke1 Qh1+ 45. Ke2 Qxd1+ 46. Kxd1 h3 $17) 42... h3+ 43. Kf1 Qe4 44.
Kxf2 Qg2+ 45. Ke1 Qg1+ 46. Kd2 Qxh2+ 47. Kd3 Qxg3 $19) (39... hxg3 $6 40. Rxf3
$1 {(only move)} (40. hxg3 $2 Qh3 $1 41. Rxf3 (41. Qxf3 Re1#) 41... Rh6 $19)
40... gxh2+ 41. Kxh2 $1 Qh5+ 42. Kg2 Rg6+ 43. Kf1 $11)) (38... Re6 $10 {
Horvath,T}) 39. Qd1 hxg3 $6 40. hxg3 Qh5 41. Re3 $1 $132 a5 42. Re5 Rf5 (42...
Qh3 {Cifuentes} 43. Qf1 Qxf1+ 44. Kxf1 Rc6 45. Ke1 Rc2 46. b4 $11) 43. Rxf5
Qxf5 44. b4 axb4 (44... a4 $5) 45. axb4 Qe4 $15 46. Qc1 f6 47. Qf1 (47. Qc7+ $5
) 47... Qe2 48. Qc1 Kg6 49. Qb1+ Qe4 50. Qd1 Kf5 51. Qd2 Kg4 52. Kh2 Qh7+ 53.
Kg1 Qb1+ (53... Kh3 54. Qe1 $11) 54. Kh2 Qh7+ 55. Kg1 Qe4 56. Kh2 Kh5 57. Kg1
Qb1+ 58. Kh2 Qe4 59. Kg1 Qe2 60. Qc1 f5 61. Qe3 $1 $11 Kg6 (61... Qxe3 {
Horvath,T} 62. fxe3 Kg5 63. Kf1 Kh5 $10) 62. Kh2 $22 Kh5 63. Kg1 Kg6 64. Kh2
Kh5 1/2-1/2

[Event "Capablanca Memorial Elite 32nd"]
[Site "Cienfuegos"]
[Date "1997.05.12"]
[Round "6"]
[White "Rodriguez Cespedes, Amador"]
[Black "Hernandez Guerrero, Gilberto Eduardo"]
[Result "1-0"]
[WhiteElo "2555"]
[BlackElo "2540"]
[Annotator "Jacoby,G"]
[PlyCount "85"]
[EventDate "1997.05.05"]
[EventType "tourn"]
[EventRounds "11"]
[EventCountry "CUB"]
[EventCategory "12"]
[SourceTitle "CBM 059"]
[Source "ChessBase"]
[SourceDate "1997.08.01"]
[SourceVersion "1"]
[SourceVersionDate "1997.08.01"]
[SourceQuality "1"]

1. e4 c5 2. Nf3 Nc6 3. d4 cxd4 4. Nxd4 e6 5. Nb5 d6 6. Bf4 e5 7. Be3 Be6 8. Nd2
a6 9. Nc3 Be7 10. Nc4 b5 11. Nb6 Rb8 12. Nbd5 Nf6 13. a4 $146 (13. Nxf6+ Bxf6
14. Qd2 O-O 15. Bd3 h6 16. O-O Bg5 17. Rfd1 Bxe3 18. Qxe3 Qg5 19. Qxg5 hxg5 20.
Rd2 Rfd8 21. Bf1 Kf8 22. Rad1 Ke7 {Wahls,M-Ehlvest,J/New York op 1994/EXP 40/
0-1 (50)}) 13... bxa4 (13... b4 14. Nxf6+ Bxf6 15. Nd5 $14) 14. Bxa6 O-O (14...
Rxb2 $6 15. Bb5 Bd7 16. Bxa4 $1 (16. Bc1 $6 Rxb5 $1 17. Nxb5 Nxd5 18. Qxd5 Nb4
$11) 16... Nxd5 17. Nxd5 Bg5 18. Qc1 $1 Qa5+ 19. c3 $16) 15. Bb5 Bxd5 (15...
Nxd5 16. exd5 Nd4 17. Bxa4 $16 (17. Bxd4 exd4 18. Qxd4 Bf6 $132) 17... Bf5 18.
Ra2) (15... Nd4 16. Nxe7+ Qxe7 17. Bxd4 exd4 18. Qxd4 $16) 16. exd5 Nd4 (16...
Nb4 17. Bxa4) 17. Bxd4 exd4 18. Qxd4 $16 Nd7 (18... Ne8 19. O-O $16) 19. Qxa4 (
19. Rxa4 Bf6 20. Qb4 Bxc3+ 21. bxc3 Qe7+ 22. Kd1 Qg5 $11) 19... Nc5 20. Qc4 Bf6
21. O-O Bxc3 22. bxc3 Qg5 23. Rfe1 Rb7 24. Re3 Rfb8 25. Qe2 {Es droht Matt} g6
26. c4 Qf6 27. c3 Rf8 28. g3 Rbb8 29. Rf3 Qd8 30. Kg2 Rb7 31. Re3 Qf6 (31... f5
32. Re1 $16) 32. Qd1 Qd8 33. Qe2 $16 (33. Bc6 $16 Re7 34. Ra8 Qc7 35. Rxf8+
Kxf8 36. Qd4 $16) 33... Qf6 34. Ra2 Qd8 (34... Rfb8 35. Bc6 Rb3 36. Ra7 $16)
35. Bc6 Rc7 36. h4 h5 (36... f5 37. Ra8 Rc8 38. Ra7 $18) 37. Ra8 Rc8 38. Ra1
Rc7 39. Re1 Qf6 40. Qd1 Qg7 41. Qd4 Rcc8 42. f4 Rcd8 43. Ra1 (43. Ra1 f6 44.
Rae1 Rb8 45. Be8 Rb7 46. f5 $18) 1-0

[Event "URS-ch Army"]
[Site "Tashkent"]
[Date "1987.04.15"]
[Round "?"]
[White "Yurtaev, Leonid"]
[Black "Kalinitschew, Sergey"]
[Result "1-0"]
[WhiteElo "2460"]
[BlackElo "2415"]
[Annotator "Kalinitschew,S"]
[PlyCount "149"]
[EventDate "1987.04.02"]
[EventType "tourn"]
[EventRounds "17"]
[EventCountry "URS"]
[EventCategory "9"]
[SourceTitle "EXT 2000"]
[Source "ChessBase"]
[SourceDate "1999.11.16"]
[SourceVersion "1"]
[SourceVersionDate "1999.11.16"]
[SourceQuality "1"]

1. e4 c5 2. Nf3 Nc6 3. d4 cxd4 4. Nxd4 Nf6 5. Nc3 e5 6. Ndb5 d6 7. Bg5 a6 8.
Na3 b5 9. Nd5 Be7 10. Bxf6 Bxf6 11. c3 O-O 12. Nc2 Bg5 13. a4 bxa4 14. Rxa4 Bb7
15. Be2 (15. Bc4) 15... Nb8 16. O-O Nd7 17. b4 $146 (17. Ra3 Nc5 18. Bf3 a5 $11
) 17... a5 $2 (17... Nb6 18. Ra3 Nxd5 19. exd5 a5 $15 {[%cal Gf7f5]}) 18. Bc4
axb4 19. Rxa8 Qxa8 20. cxb4 Bd8 21. Nce3 g6 22. Qf3 Kh8 23. Rd1 Qa7 24. Nc2 f5
25. exf5 gxf5 26. Qe3 Qxe3 27. Ncxe3 Bg5 $2 (27... f4 28. Nc2 Bh4 {[%cal Gf8c8]
}) 28. Bb5 $16 {[%csl Rb6,Rd6,Rd7]} Nb8 29. Nc4 Rd8 30. Ndb6 Be7 31. Na5 Bc8
32. Rc1 Be6 33. Rc7 Bg5 34. Nb7 Rf8 35. Bc4 $18 Bxc4 36. Rxc4 Kg8 37. b5 Kf7
38. Nxd6+ Ke6 39. Nb7 Be7 40. Kf1 Rg8 41. g3 h5 42. Ke2 Rf8 43. Nc8 Ba3 44. b6
Kd5 45. Na5 Bc5 46. b7 Rf6 47. Rc2 Ra6 48. Rd2+ Ke6 49. Nb3 Bb4 50. Rd8 Ra2+
51. Kf1 Rb2 52. Nb6 Rb1+ 53. Kg2 Bd6 54. Nc4 Rxb3 55. Rxd6+ Ke7 56. Rh6 Nd7 57.
Rxh5 Rxb7 58. Rxf5 Ke6 59. Rh5 Rb4 60. Ne3 Ra4 61. Rh6+ Kf7 62. Rc6 Nf6 63. h4
Ra2 64. Rc2 Ra1 65. Rc7+ Kg6 66. Rc6 Kf7 67. Nc4 e4 68. Ne3 Ra2 69. g4 Nd7 70.
Rc2 Ra8 71. Kg3 Ne5 72. Rd2 Ra4 73. h5 Ke6 74. Rb2 Ra6 75. Rb4 {2.58-2.25} 1-0